A guide to your pregnancy / (Record no. 65544)

MARC details
000 -LEADER
fixed length control field 01870nam a22002897a 4500
005 - DATE AND TIME OF LATEST TRANSACTION
control field 20120411115531.0
010 ## - LCCN (DPL NO)
LC control number ENG-105091 B-489320-324
020 ## - INTERNATIONAL STANDARD BOOK NUMBER
International Standard Book Number 9788183822183
Terms of availability 175.00
035 ## - SYSTEM CONTROL NUMBER
System control number EN-88624 B-489320-324
037 ## - SOURCE OF ACQUISITION
Source of stock number/acquisition DBAD/PUB
037 ## - SOURCE OF ACQUISITION
Source of stock number/acquisition Allied Pub/Ven
082 ## - DEWEY DECIMAL CLASSIFICATION NUMBER
Classification number 618.24
100 ## - MAIN ENTRY--PERSONAL NAME
Personal name Batta, Narinder
245 ## - TITLE STATEMENT
Title A guide to your pregnancy /
Statement of responsibility, etc by Narinder Batta [and] Sumita Paul
260 ## - PUBLICATION, DISTRIBUTION, ETC. (IMPRINT)
Place of publication, distribution, etc New Delhi
Name of publisher, distributor, etc Lotus Press
Date of publication, distribution, etc 2012
270 ## - ADDRESS
Address 4735/22,Prakash Deep Building,Ansari Road,Darya Ganj,
City New Delhi
Postal code 110002
300 ## - PHYSICAL DESCRIPTION
Extent 124p. :
Dimensions 22cm(pbk)
Other physical details ill
700 ## - ADDED ENTRY--PERSONAL NAME
Personal name Paul, Sumita
9 (RLIN) 45660
942 ## - ADDED ENTRY ELEMENTS (KOHA)
Source of classification or shelving scheme Dewey Decimal Classification
Item type English Books
Call number suffix BAT
Classification part 618.24
Holdings
Withdrawn status Lost status Not for loan Collection code Home library Current library Date acquired Source of acquisition Cost, normal purchase price Full call number Barcode Copy number Cost, replacement price Koha item type
      Non-fiction Central Library Central Library 06/02/2013 Allied Pub/1242/28.12.2012/114/18.12.2012/08.01.2013 175.00 618.24 BAT B-489320 1 175.00 English Books
    Not For Loan Non-fiction D.B.Act.Division D.B.Act.Division 24/04/2012 DBAD / PUB 175.00 618.24 BAT EN-88624 1 175.00 English Books
      Non-fiction Karol Bagh Karol Bagh 06/02/2013 Allied Pub/1242/28.12.2012/114/18.12.2012/08.01.2013 175.00 618.24 BAT B-489323 1 175.00 English Books
      Non-fiction Patel Nagar Patel Nagar 06/02/2013 Allied Pub/1242/28.12.2012/114/18.12.2012/08.01.2013 175.00 618.24 BAT B-489321 1 175.00 English Books
  Written-off vide DLB M. No. 383 dt 16.05.19   Non-fiction Sarojini Nagar Sarojini Nagar 06/02/2013 Allied Pub/1242/28.12.2012/114/18.12.2012/08.01.2013 175.00 618.24 BAT B-489322 1 175.00 English Books
      Non-fiction Shahdara Branch Shahdara Branch 06/02/2013 Allied Pub/1242/28.12.2012/114/18.12.2012/08.01.2013 175.00 618.24 BAT B-489324 1 175.00 English Books

© Delhi Public Library
Hit Counter
free hit counter